A csapadék eloszlásának egyik fontos földrajzi hatásáról
Elmentve itt :
| Szerző: | |
|---|---|
| Dokumentumtípus: | Cikk |
| Megjelent: |
1903
|
| Kulcsszavak: | Csapadékeloszlás - kontinentális |
| Online Access: | http://misc.bibl.u-szeged.hu/25008 |
| LEADER | 00551nab a2200157 i 4500 | ||
|---|---|---|---|
| 001 | misc25008 | ||
| 005 | 20191106145247.0 | ||
| 008 | 170929s1903 hu o 0|| zxx d | ||
| 040 | |a SZTE Miscellanea Repozitórium |b hun | ||
| 041 | |a zxx | ||
| 100 | 1 | |a Cholnoky Jenő | |
| 245 | 1 | 2 | |a A csapadék eloszlásának egyik fontos földrajzi hatásáról |h [elektronikus dokumentum] / |c Cholnoky Jenő |
| 260 | |c 1903 | ||
| 300 | |a 322-334 | ||
| 695 | |a Csapadékeloszlás - kontinentális | ||
| 856 | 4 | 0 | |u http://misc.bibl.u-szeged.hu/25008/1/014_009_322-334.pdf |z Dokumentum-elérés |